<?xml version="1.0" encoding="UTF-8"?><?xml-stylesheet type="text/xsl" href="static/style.xsl"?><OAI-PMH xmlns="http://www.openarchives.org/OAI/2.0/" xmlns:xsi="http://www.w3.org/2001/XMLSchema-instance" xsi:schemaLocation="http://www.openarchives.org/OAI/2.0/ http://www.openarchives.org/OAI/2.0/OAI-PMH.xsd"><responseDate>2026-04-18T23:27:44Z</responseDate><request verb="GetRecord" identifier="oai:riubu.ubu.es:10259/10874" metadataPrefix="marc">https://riubu.ubu.es/oai/request</request><GetRecord><record><header><identifier>oai:riubu.ubu.es:10259/10874</identifier><datestamp>2025-09-22T08:50:27Z</datestamp><setSpec>com_10259_5088</setSpec><setSpec>com_10259_2728</setSpec><setSpec>col_10259_5421</setSpec></header><metadata><record xmlns="http://www.loc.gov/MARC21/slim" xmlns:doc="http://www.lyncode.com/xoai" xmlns:xsi="http://www.w3.org/2001/XMLSchema-instance" xmlns:dcterms="http://purl.org/dc/terms/" xsi:schemaLocation="http://www.loc.gov/MARC21/slim http://www.loc.gov/standards/marcxml/schema/MARC21slim.xsd">
<leader>00925njm 22002777a 4500</leader>
<datafield tag="042" ind1=" " ind2=" ">
<subfield code="a">dc</subfield>
</datafield>
<datafield tag="720" ind1=" " ind2=" ">
<subfield code="a">Alanís Leal, Elisa</subfield>
<subfield code="e">author</subfield>
</datafield>
<datafield tag="520" ind1=" " ind2=" ">
<subfield code="a">El profesorado tiene ante sí el reto de responder a los desafíos del tiempo presente: un&#xd;
mundo global sumido en una grave crisis ecológica, profundas desigualdades sociales,&#xd;
conflictos y retrocesos en valores. La Educación para la Ciudadanía Global (EpCG) se&#xd;
presenta como una potencial herramienta para promover en el alumnado una&#xd;
ciudadanía crítica y comprometida con los Derechos Humanos y la justicia social. Este&#xd;
estudio se basa en una investigación cualitativa llevado a cabo con profesorado de dos&#xd;
centros, uno urbano y otro rural. Su intención, basándose en los resultados obtenidos&#xd;
en entrevistas, grupos de discusión y el análisis documental de ambos centros, ha sido&#xd;
identificar conocimientos, actitudes, percepciones, prácticas, limitaciones, y&#xd;
expectativas existentes en el seno de ese profesorado. Los resultados, discutidos a la&#xd;
luz de otras investigaciones sobre el tema, arrojan conclusiones de gran valor para el&#xd;
desarrollo de estrategias de enseñanza basadas en la EpCG.</subfield>
</datafield>
<datafield tag="520" ind1=" " ind2=" ">
<subfield code="a">Teachers are faced with the challenge of responding to the demands of the present time:&#xd;
a globalized world immersed in a serious ecological crisis, deep social inequalities,&#xd;
conflicts, and setbacks in values. Global Citizenship Education (GCE) emerges as a&#xd;
potential tool to promote among students a critical and committed citizenship grounded&#xd;
in Human Rights and social justice. This study is based on qualitative research carried&#xd;
out with teachers from two schools, one urban and one rural. Its aim, based on the results&#xd;
obtained from interviews, discussion groups, and documentary analysis of both schools,&#xd;
has been to identify the knowledge, attitudes, perceptions, practices, limitations, and&#xd;
expectations present among these teachers. The results, discussed in light of other&#xd;
studies on the subject, offer valuable conclusions for the development of teaching&#xd;
strategies based on GCE.</subfield>
</datafield>
<datafield tag="024" ind2=" " ind1="8">
<subfield code="a">https://hdl.handle.net/10259/10874</subfield>
</datafield>
<datafield ind1=" " ind2=" " tag="653">
<subfield code="a">Educación para la Ciudadanía Global</subfield>
</datafield>
<datafield ind1=" " ind2=" " tag="653">
<subfield code="a">Competencia global del profesorado</subfield>
</datafield>
<datafield ind1=" " ind2=" " tag="653">
<subfield code="a">Investigación cualitativa</subfield>
</datafield>
<datafield ind1=" " ind2=" " tag="653">
<subfield code="a">Estrategias de enseñanza en EpCG</subfield>
</datafield>
<datafield ind1=" " ind2=" " tag="653">
<subfield code="a">Global citizenship education</subfield>
</datafield>
<datafield ind1=" " ind2=" " tag="653">
<subfield code="a">Teachers' global competence</subfield>
</datafield>
<datafield ind1=" " ind2=" " tag="653">
<subfield code="a">Qualitative research</subfield>
</datafield>
<datafield ind1=" " ind2=" " tag="653">
<subfield code="a">Teaching strategies in GCE</subfield>
</datafield>
<datafield tag="245" ind1="0" ind2="0">
<subfield code="a">Creencias y prácticas del profesorado sobre Educación para la Ciudadanía Global</subfield>
</datafield>
</record></metadata></record></GetRecord></OAI-PMH>